000 00455nam a2200157Ia 4500
008 240729s9999 xx 000 0 und d
022 _a1475-6374
245 0 _aJournal of Enzyme Inhibition and Medicinal Chemistry
260 _aUnited Kingdom
260 _bTaylor & Francis Group
650 _a Therapeutics. Pharmacology
650 _aMedicine
856 _uhttps://doaj.org/toc/6f6273990428406eb32194f8b16c384c
942 _2ddc
942 _cDOAJEJ
999 _c69092
_d69092
945 _a1
_bMadushi Gamage
_c1
_dMadushi Gamage